000 00568nam a2200193 4500
008 b xx# ara u
010 _a51979
040 _aLB-BrCRDP
082 _a808.3/S543k
100 1 _a. الشيخ، غريد
130 1 _lAR
245 1 0 _a. كيف تحكي حكاية للأطفال
_cغريد الشيخ
260 _aبيروت
_bقناديل
_c2002
300 _a72 ص. ؛
_c21 سم.
500 _aمراجع في آخر الكتاب
650 _aادب الاطفال
942 _cBK
999 _c15410
_d15410